Statistics for Αθήνα... ή Θεσσαλονίκη;

Click here to take the quiz!

General Stats

  • This quiz has been taken 1 432 times
    (1 427 since last reset)
  • The average score is 12 of 15

Answer Stats

QuestionAnswer% Correct
Έχει μεγαλύτερο πληθυσμόΑθήνα
98%
Φιλοξένησε τους Ολυμπιακούς ΑγώνεςΑθήνα
98%
Έχει την έδρα του ο ΠΑΟΚΘεσσαλονίκη
96%
Βρίσκεται η πλατεία ΑριστοτέλουςΘεσσαλονίκη
91%
Βρίσκεται πιο κοντά στην ΚαστοριάΘεσσαλονίκη
91%
Εκεί θα επισκεφτούμε την Αψίδα του Γαλερίου (Καμάρα) και τη ΡοτόνταΘεσσαλονίκη
85%
Βρίσκεται πιο κοντά στη ΧαλκίδαΑθήνα
83%
Εκεί βρίσκεται το δάσος του Σέιχ ΣουΘεσσαλονίκη
79%
Οι οδηγοί παθαίνουν φούιτΘεσσαλονίκη
76%
Βρέχεται από τον ΑργοσαρωνικόΑθήνα
74%
Εκεί θα επισκεφτούμε το Μουσείο Κυκλαδικής Τέχνης και το Βυζαντινό ΜουσείοΑθήνα
72%
Απελευθερώθηκε πρώτη από τους ΟθωμανούςΑθήνα
66%
Τόπος γέννησης του Νίκου ΕγγονόπουλουΑθήνα
65%
Τόπος γέννησης του Μανώλη Χιώτη και του Ντίνου ΧριστιανόπουλουΘεσσαλονίκη
60%
Διοργανώνει τη Διεθνή Έκθεση ΒιβλίουΘεσσαλονίκη
59%

Score Distribution

Percentile by Number Answered

Percent of People with Each Score

Your Score History

You have not taken this quiz since the last reset